[Event "GRENKE Chess Open 2024"]
[Site "Karlsruhe"]
[Date "2024.03.30"]
[Round "5.22"]
[White "Tudor, Henry Edward"]
[Black "Fromm, Marius"]
[Result "0-1"]
[WhiteElo "2262"]
[BlackElo "2445"]
[Annotator "TA"]
[PlyCount "72"]
[EventDate "2024.03.28"]
[EventType "swiss"]
[EventCountry "GER"]
[SourceTitle "playchess.com"]
[Source "ChessBase"]
[SourceQuality "1"]

1. d4 Nf6 2. c4 e6 3. Nc3 Bb4 4. e3 b6 5. Bd3 Bb7 6. Nf3 O-O 7. O-O d5 8. cxd5 exd5 9. Bd2 Nbd7 10. Rc1 a6 11. Ne1 Re8 12. f4 c5 13. Nf3 c4 14. Bb1 b5 15. Ne5 Bf8 16. Qf3 b4 17. Ne2 Ne4 18. Be1 f6 19. Nxd7 Qxd7 20. g4 a5 21. Qh3 g6 22. Ng3 Nxg3 23. Qxg3 a4 24. h4 a3 25. Rc2 Bd6 26. h5 g5 27. Qf3 gxf4 28. exf4 Re4 29. f5 axb2 30. g5 Ra3 31. Qd1 Rd3 32. Rd2 Rxd2 33. Bxd2 Rxd4 34. Qe2 c3 35. Be3 Rh4 36. Bf2 Bh2+ 0-1

[Event "GRENKE Chess Open 2024"]
[Site "Karlsruhe"]
[Date "2024.03.30"]
[Round "5.23"]
[White "Kilic, Eray"]
[Black "Seul, Georg"]
[Result "1-0"]
[WhiteElo "2439"]
[BlackElo "2359"]
[Annotator "TA"]
[PlyCount "55"]
[EventDate "2024.03.28"]
[EventType "swiss"]
[EventCountry "GER"]
[SourceTitle "playchess.com"]
[Source "ChessBase"]
[SourceQuality "1"]

1. e4 c6 2. Nc3 d5 3. Nf3 Bg4 4. h3 Bxf3 5. Qxf3 e6 6. d4 Nf6 7. Bd3 dxe4 8. Nxe4 Qxd4 9. c3 Qd8 10. Bf4 Nbd7 11. Rd1 Qa5 12. O-O Ne5 13. Nxf6+ gxf6 14. Bxe5 fxe5 15. Qf6 Rg8 16. Bxh7 Be7 17. Qh6 Rf8 18. a3 Rd8 19. Bc2 Rd5 20. Be4 Rxd1 21. Rxd1 Qa4 22. Qd2 f5 23. Bf3 Rh8 24. Qd7+ Kf7 25. Qxb7 Qh4 26. Bxc6 e4 27. Bd7 Rg8 28. Bxe6+ 1-0

[Event "GRENKE Chess Open 2024"]
[Site "Karlsruhe"]
[Date "2024.03.30"]
[Round "5.23"]
[White "Petkidis, Anthony"]
[Black "Gajcin, Marina"]
[Result "*"]
[WhiteElo "2423"]
[BlackElo "2241"]
[Annotator "RC"]
[PlyCount "43"]
[EventDate "2024.03.28"]
[EventType "swiss"]
[EventCountry "GER"]
[SourceTitle "playchess.com"]
[Source "ChessBase"]
[SourceQuality "1"]

1. e4 c6 2. Nc3 d5 3. Nf3 Bg4 4. h3 Bxf3 5. Qxf3 e6 6. d4 Nf6 7. Bd3 dxe4 8. Nxe4 Qxd4 9. c3 Qd8 10. Bf4 Nbd7 11. Rd1 Qa5 12. O-O Ne5 13. Nxf6+ gxf6 14. Bxe5 fxe5 15. Qf6 Rg8 16. Bxh7 Be7 17. Qh6 Rf8 18. a3 Rd8 19. Bc2 Rd5 20. Be4 Rd4 21. Rd3 Rxd3 22. Rd1 *

[Event "GRENKE Chess Open 2024"]
[Site "Karlsruhe"]
[Date "2024.03.30"]
[Round "5.23"]
[White "Rudzinska, Michalina"]
[Black "Van Houtte, Randy"]
[Result "1/2-1/2"]
[WhiteElo "2302"]
[BlackElo "2152"]
[Annotator "RC"]
[PlyCount "66"]
[EventDate "2024.03.28"]
[EventType "swiss"]
[EventCountry "GER"]
[SourceTitle "playchess.com"]
[Source "ChessBase"]
[SourceQuality "1"]

1. e4 c5 2. Nf3 Nc6 3. d4 cxd4 4. Nxd4 g6 5. Nc3 Bg7 6. Be3 Nf6 7. Bc4 O-O 8. Bb3 Re8 9. Nxc6 dxc6 10. h3 Qxd1+ 11. Rxd1 e5 12. f3 Be6 13. Bxe6 Rxe6 14. g4 Bf8 15. Kf2 Rd6 16. Rxd6 Bxd6 17. Rd1 Ne8 18. Na4 b6 19. c4 Bc7 20. c5 b5 21. Nc3 Rd8 22. Rxd8 Bxd8 23. f4 exf4 24. Bxf4 a5 25. a4 b4 26. Ne2 Be7 27. Be3 Nf6 28. Nd4 Nd7 29. Ke2 Ne5 30. Nb3 Kf8 31. Bd4 Bd8 32. g5 Nd7 33. h4 Ke8 1/2-1/2

[Event "GRENKE Chess Open 2024"]
[Site "Karlsruhe"]
[Date "2024.03.30"]
[Round "5.24"]
[White "Moss, Guy"]
[Black "Kitze, Alexander"]
[Result "0-1"]
[WhiteElo "2156"]
[BlackElo "2299"]
[Annotator "RC"]
[PlyCount "80"]
[EventDate "2024.03.28"]
[EventType "swiss"]
[EventCountry "GER"]
[SourceTitle "playchess.com"]
[Source "ChessBase"]
[SourceQuality "1"]

1. e4 c5 2. Nf3 Nc6 3. d4 cxd4 4. Nxd4 Nf6 5. Nc3 d6 6. Bg5 e6 7. Qd2 a6 8. O-O-O h6 9. Be3 Nxd4 10. Bxd4 b5 11. f3 Qa5 12. Qe3 Nd7 13. Qe1 b4 14. Nb1 Qxa2 15. Qxb4 e5 16. Bf2 d5 17. Qc3 d4 18. Qc4 Qa1 19. Rd3 Be7 20. h4 O-O 21. Be1 Nb6 22. Qc7 Na4 23. Qxe7 Qxb2+ 24. Kd2 Qxb1 25. Rb3 Nb2 26. Rxb2 Qxb2 27. Qxe5 Be6 28. Bd3 Bc4 29. Bxc4 Qc3+ 30. Kd1 Qxc4 31. g4 d3 32. Bc3 dxc2+ 33. Kxc2 Qe2+ 34. Kb1 f6 35. Qd5+ Kh8 36. g5 Rab8+ 37. Ka1 Qc2 38. Qa5 Rfd8 39. Bb4 Rd2 40. Rb1 Rxb4 0-1

[Event "GRENKE Chess Open 2024"]
[Site "Karlsruhe"]
[Date "2024.03.30"]
[Round "5.24"]
[White "Wagner, Benjamin"]
[Black "Finek, Vaclav"]
[Result "1/2-1/2"]
[WhiteElo "2151"]
[BlackElo "2436"]
[Annotator "TA"]
[PlyCount "87"]
[EventDate "2024.03.28"]
[EventType "swiss"]
[EventCountry "GER"]
[SourceTitle "playchess.com"]
[Source "ChessBase"]
[SourceQuality "1"]

1. e4 c5 2. Nf3 g6 3. d4 cxd4 4. Nxd4 Bg7 5. Nc3 Nc6 6. Be3 Nf6 7. Bc4 Qa5 8. O-O O-O 9. Bb3 d6 10. h3 Bd7 11. Re1 Rac8 12. Nd5 Rfe8 13. Nxf6+ Bxf6 14. f4 Nxd4 15. Bxd4 Bxd4+ 16. Qxd4 Qc5 17. Rad1 Qxd4+ 18. Rxd4 Bc6 19. h4 Kg7 20. g3 Rc7 21. c3 Rb8 22. Kf2 h6 23. Rd2 b5 24. e5 dxe5 25. Rxe5 Be8 26. Red5 Rcc8 27. Ke3 Kf6 28. R5d4 e6 29. a4 a6 30. a5 Ke7 31. Bd1 Rc7 32. Bf3 Rd7 33. Rxd7+ Bxd7 34. Kd4 Rc8 35. b3 Bc6 36. Bxc6 Rxc6 37. Rb2 Kd6 38. c4 Rc5 39. cxb5 Rxb5 40. b4 Rd5+ 41. Kc4 Kc6 42. Rc2 Kb7 43. Rb2 Kc6 44. Rc2 1/2-1/2

[Event "GRENKE Chess Open 2024"]
[Site "Karlsruhe"]
[Date "2024.03.30"]
[Round "5.24"]
[White "Sedy, Pavel"]
[Black "Eugene, Floryan"]
[Result "*"]
[WhiteElo "2145"]
[BlackElo "2422"]
[Annotator "RC"]
[PlyCount "47"]
[EventDate "2024.03.28"]
[EventType "swiss"]
[EventCountry "GER"]
[SourceTitle "playchess.com"]
[Source "ChessBase"]
[SourceQuality "1"]

1. e4 c5 2. Nf3 g6 3. d4 cxd4 4. Nxd4 Bg7 5. Nc3 Nc6 6. Be3 Nf6 7. Bc4 Qa5 8. O-O O-O 9. Bb3 d6 10. h3 Bd7 11. Re1 Rac8 12. Nd5 Rfe8 13. Nxf6+ Bxf6 14. f4 Nxd4 15. Bxd4 Bxd4+ 16. Qxd4 Qc5 17. Rad1 Qxd4+ 18. Rxd4 Bc6 19. h4 Kg7 20. g3 Rc7 21. c3 Rb8 22. Kf2 h6 23. Rd2 b5 24. e5 *

[Event "GRENKE Chess Open 2024"]
[Site "Karlsruhe"]
[Date "2024.03.30"]
[Round "5.25"]
[White "Meier, Georg"]
[Black "Nurgali, Nazerke"]
[Result "*"]
[WhiteElo "2620"]
[BlackElo "2190"]
[Annotator "RC"]
[PlyCount "26"]
[EventDate "2024.03.28"]
[EventType "swiss"]
[EventCountry "GER"]
[SourceTitle "playchess.com"]
[Source "ChessBase"]
[SourceQuality "1"]

1. d4 Nf6 2. Nf3 e6 3. Bf4 b6 4. e3 Bb7 5. Nbd2 Nh5 6. Bg5 Be7 7. Bxe7 Qxe7 8. Bd3 d6 9. c3 Nd7 10. Qc2 f5 11. O-O-O O-O-O 12. e4 Nf4 13. exf5 Nxg2 *

[Event "GRENKE Chess Open 2024"]
[Site "Karlsruhe"]
[Date "2024.03.30"]
[Round "5.25"]
[White "Ben Ari, Yannay"]
[Black "Peil, Christoph"]
[Result "1-0"]
[WhiteElo "2434"]
[BlackElo "2268"]
[Annotator "RC"]
[PlyCount "110"]
[EventDate "2024.03.28"]
[EventType "swiss"]
[EventCountry "GER"]
[SourceTitle "playchess.com"]
[Source "ChessBase"]
[SourceQuality "1"]

1. d4 Nf6 2. Nf3 e6 3. Bf4 b6 4. e3 Bb7 5. Nbd2 Nh5 6. Bg5 Be7 7. Bxe7 Qxe7 8. Bd3 d6 9. c3 Nd7 10. Qc2 f5 11. O-O-O O-O-O 12. e4 Nf4 13. exf5 Nxg2 14. Rhg1 Nf4 15. Rde1 e5 16. Kb1 Qf7 17. Ng5 Qh5 18. Ne6 Rdg8 19. Nxf4 exf4 20. Bc4 Nf6 21. Bxg8 Rxg8 22. f3 Nd5 23. Ne4 Ne3 24. Qd3 Qxf3 25. Ng5 Qf2 26. Ne6 Re8 27. Rc1 Bg2 28. a4 a5 29. Ka1 Re7 30. Rge1 Bc6 31. Rg1 Bg2 32. c4 Rd7 33. d5 Kb7 34. Ka2 Qh4 35. Qd4 Nxf5 36. Qxf4 Qxf4 37. Nxf4 Be4 38. Rge1 Re7 39. Ne6 Bf3 40. Rf1 Bg4 41. Rce1 Kc8 42. h3 Bxh3 43. Rh1 Bg2 44. Rxh7 Re8 45. Rh2 Bf3 46. Rf1 Bg4 47. Rf4 Ne3 48. Re4 Bxe6 49. Rxe6 Rxe6 50. dxe6 Kd8 51. Rf2 g5 52. Rf7 Nxc4 53. Rd7+ Kc8 54. Rg7 Kd8 55. Kb3 Ne5 1-0

[Event "GRENKE Chess Open 2024"]
[Site "Karlsruhe"]
[Date "2024.03.30"]
[Round "5.25"]
[White "Tonndorf, Matthias"]
[Black "De Schampheleire, Glen"]
[Result "0-1"]
[WhiteElo "2159"]
[BlackElo "2373"]
[Annotator "RC"]
[PlyCount "91"]
[EventDate "2024.03.28"]
[EventType "swiss"]
[EventCountry "GER"]
[SourceTitle "playchess.com"]
[Source "ChessBase"]
[SourceQuality "1"]

1. e4 e5 2. Nf3 Nc6 3. d4 exd4 4. Nxd4 Nf6 5. Nc3 Bc5 6. Be3 Bb6 7. Nxc6 bxc6 8. Bxb6 axb6 9. Bd3 O-O 10. O-O d6 11. f4 Nd7 12. Qh5 Ra5 13. e5 h6 14. b4 Ra3 15. Nb1 Ra4 16. Nc3 Rxb4 17. a3 Rd4 18. Ne2 Ra4 19. Nc3 Ra5 20. Qf3 dxe5 21. Ne4 exf4 22. Qxf4 Ne5 23. Rad1 Qe7 24. Ng3 Rxa3 25. Bf5 Bxf5 26. Nxf5 Qe6 27. Qb4 Raa8 28. Rde1 Rfe8 29. Re3 Rad8 30. Qh4 Qd7 31. Nxg7 Kxg7 32. Rxe5 Rxe5 33. Qf6+ Kg8 34. Qxe5 Qd4+ 35. Qxd4 Rxd4 36. Ra1 Rd2 37. c4 Rc2 38. Ra4 Kf8 39. Ra7 Rxc4 40. Kf2 Rc2+ 41. Kf3 c5 42. h4 b5 43. Rxc7 b4 44. Rb7 Rc3+ 45. Ke4 b3 46. Ke5 0-1

[Event "GRENKE Chess Open 2024"]
[Site "Karlsruhe"]
[Date "2024.03.30"]
[Round "5.25"]
[White "Toure, Vasanth"]
[Black "Korchynskyi, Mykola"]
[Result "1/2-1/2"]
[WhiteElo "2155"]
[BlackElo "2297"]
[Annotator "RC"]
[PlyCount "140"]
[EventDate "2024.03.28"]
[EventType "swiss"]
[EventCountry "GER"]
[SourceTitle "playchess.com"]
[Source "ChessBase"]
[SourceQuality "1"]

1. e4 e6 2. d4 d5 3. Nd2 c5 4. dxc5 Bxc5 5. Bd3 Nf6 6. Qe2 Nc6 7. Ngf3 O-O 8. O-O Re8 9. h3 h6 10. e5 Nd7 11. Nb3 Bb6 12. c4 Bc7 13. Bf4 f6 14. Bg6 Rf8 15. cxd5 exd5 16. e6 Bxf4 17. exd7 Bxd7 18. Nc5 Ne5 19. Bc2 Rc8 20. Nxd7 Qxd7 21. Nd4 Nc6 22. Qe6+ Qxe6 23. Nxe6 Be5 24. Nxf8 Kxf8 25. Bb3 d4 26. Rad1 Bc7 27. g3 Bb6 28. Kg2 Na5 29. Rc1 Rd8 30. Bd1 d3 31. Bf3 d2 32. Rc2 Nc6 33. Rd1 Ba5 34. Bxc6 bxc6 35. Rxc6 Re8 36. Rc2 Re1 37. Rdxd2 Bxd2 38. Rxd2 Re7 39. b4 Rb7 40. Rd4 Ke7 41. a4 Rc7 42. Rd5 Ke6 43. Rb5 g6 44. h4 h5 45. Ra5 Rb7 46. Ra6+ Kf5 47. b5 Rd7 48. Kf3 g5 49. hxg5 fxg5 50. Rh6 Rd4 51. Ra6 Rd7 52. Kg2 Re7 53. Rc6 Re4 54. Ra6 Re7 55. a5 Re5 56. Rxa7 Rxb5 57. a6 Ra5 58. Ra8 Kg6 59. a7 Kg7 60. Kh3 Ra3 61. Kg2 Ra2 62. Kf3 Ra3+ 63. Kg2 Ra2 64. Kf3 Ra3+ 65. Kg2 Ra5 66. f4 g4 67. f5 Ra2+ 68. Kf1 Ra1+ 69. Kg2 Ra2+ 70. Kf1 h4 1/2-1/2

[Event "GRENKE Chess Open 2024"]
[Site "Karlsruhe"]
[Date "2024.03.30"]
[Round "5.26"]
[White "Petkidis, Anthony"]
[Black "Gajcin, Marina"]
[Result "1-0"]
[WhiteElo "2423"]
[BlackElo "2241"]
[Annotator "TA"]
[PlyCount "95"]
[EventDate "2024.03.28"]
[EventType "swiss"]
[EventCountry "GER"]
[SourceTitle "playchess.com"]
[Source "ChessBase"]
[SourceQuality "1"]

1. e4 c5 2. Nf3 Nc6 3. d4 cxd4 4. Nxd4 Nf6 5. Nc3 e5 6. Ndb5 d6 7. Nd5 Nxd5 8. exd5 Ne7 9. a4 a6 10. Nc3 Ng6 11. a5 Be7 12. g3 O-O 13. h4 f5 14. h5 Nh8 15. h6 g6 16. Be3 Nf7 17. Qd2 Bd7 18. Kd1 Qe8 19. Kc1 Bf6 20. Ra3 Qe7 21. Na4 Ng5 22. Bg2 Rae8 23. Nb6 Nf7 24. Kb1 e4 25. Bf1 Ne5 26. Be2 Rd8 27. c4 Be8 28. Rc1 Nf3 29. Bxf3 exf3 30. Re1 Qe4+ 31. Ka1 Bf7 32. Bf4 Qd4 33. Rd3 Qc5 34. Be3 Qc7 35. Bd4 Bxd4 36. Rxd4 Rde8 37. Rd3 f4 38. gxf4 Re2 39. Rxe2 fxe2 40. Qc3 Be8 41. Re3 g5 42. Rxe2 Bh5 43. Re6 gxf4 44. Rxd6 Rf7 45. Re6 Qd8 46. Qe5 Qh4 47. Re8+ Rf8 48. Qg7# 1-0

[Event "GRENKE Chess Open 2024"]
[Site "Karlsruhe"]
[Date "2024.03.30"]
[Round "5.26"]
[White "Dahl, Christoph"]
[Black "Karakol, Kerim"]
[Result "1-0"]
[WhiteElo "2367"]
[BlackElo "2143"]
[Annotator "ChessBase"]
[PlyCount "63"]
[EventDate "2024.03.28"]
[EventType "swiss"]
[EventCountry "GER"]
[SourceTitle "playchess.com"]
[Source "ChessBase"]
[SourceQuality "1"]

1. e4 c5 2. Nf3 g6 3. d4 cxd4 4. Nxd4 Nc6 5. Nc3 Bg7 6. Be3 Nf6 7. Bc4 O-O 8. Bb3 d6 9. f3 Bd7 10. Qd2 Qa5 11. O-O-O Rfc8 12. g4 Ne5 13. Kb1 b5 14. Bh6 Bxh6 15. Qxh6 Rxc3 16. bxc3 Qxc3 17. Qd2 Qc5 18. Rhe1 a5 19. g5 Nh5 20. f4 Nc4 21. Bxc4 bxc4 22. Ne2 Bg4 23. Ka1 Bxe2 24. Rxe2 c3 25. Qd5 Rc8 26. Qxc5 Rxc5 27. Rd5 Rc4 28. Rxa5 Nxf4 29. Re3 e6 30. Ra3 d5 31. Rexc3 Rxc3 32. Rxc3 1-0

[Event "GRENKE Chess Open 2024"]
[Site "Karlsruhe"]
[Date "2024.03.30"]
[Round "5.26"]
[White "Langheinrich, Ferenc"]
[Black "Bluebaum, Matthias"]
[Result "*"]
[WhiteElo "2338"]
[BlackElo "2655"]
[Annotator "RC"]
[PlyCount "42"]
[EventDate "2024.03.28"]
[EventType "swiss"]
[EventCountry "GER"]
[SourceTitle "playchess.com"]
[Source "ChessBase"]
[SourceQuality "1"]

1. e4 c5 2. Nf3 Nc6 3. d4 cxd4 4. Nxd4 Nf6 5. Nc3 e5 6. Ndb5 d6 7. Nd5 Nxd5 8. exd5 Ne7 9. a4 a6 10. Nc3 Ng6 11. a5 Be7 12. g3 O-O 13. h4 f5 14. h5 Nh8 15. h6 g6 16. Be3 Nf7 17. Qd2 Bd7 18. Kd1 Qe8 19. Kc1 Bf6 20. Ra3 Qe7 21. Na4 Ng5 *

[Event "GRENKE Chess Open 2024"]
[Site "Karlsruhe"]
[Date "2024.03.30"]
[Round "5.26"]
[White "Hecht, Carsten"]
[Black "Bouska, Jiri"]
[Result "1/2-1/2"]
[WhiteElo "2295"]
[BlackElo "2151"]
[Annotator "RC"]
[PlyCount "86"]
[EventDate "2024.03.28"]
[EventType "swiss"]
[EventCountry "GER"]
[SourceTitle "playchess.com"]
[Source "ChessBase"]
[SourceQuality "1"]

1. d4 d5 2. c4 e6 3. Nf3 Nf6 4. Nc3 a6 5. c5 b6 6. cxb6 c5 7. Na4 cxd4 8. Qb3 Bb7 9. Bf4 Nc6 10. Rc1 Bb4+ 11. Bd2 Bd6 12. g3 Qe7 13. Bg2 O-O 14. O-O Ne4 15. Rfd1 Rac8 16. Be1 Qf6 17. Nd2 Ne5 18. Nxe4 dxe4 19. Rxc8 Rxc8 20. Bb4 Ng4 21. f3 Bxb4 22. fxg4 Bd6 23. e3 e5 24. Rf1 Qe7 25. Qd1 Bc5 26. b4 Bxb4 27. exd4 Rd8 28. d5 Bxd5 29. Qe2 Bc6 30. Qxa6 Ra8 31. Qc4 Bxa4 32. Bxe4 Qc5+ 33. Qxc5 Bxc5+ 34. Kg2 Rd8 35. b7 Kf8 36. Rc1 Bd6 37. Rc8 Ke7 38. Ra8 Bd7 39. a4 Bxg4 40. a5 Be2 41. a6 Bxa6 42. Rxa6 g6 43. Rc6 Kd7 1/2-1/2

[Event "GRENKE Chess Open 2024"]
[Site "Karlsruhe"]
[Date "2024.03.30"]
[Round "5.27"]
[White "Kazakouski, Valery"]
[Black "Bassini, Emile"]
[Result "*"]
[WhiteElo "2608"]
[BlackElo "2346"]
[Annotator "RC"]
[PlyCount "43"]
[EventDate "2024.03.28"]
[EventType "swiss"]
[EventCountry "GER"]
[SourceTitle "playchess.com"]
[Source "ChessBase"]
[SourceQuality "1"]

1. e4 e5 2. Nf3 Nc6 3. d4 exd4 4. Nxd4 Nf6 5. Nxc6 bxc6 6. e5 Qe7 7. Qe2 Nd5 8. g3 g6 9. Bg2 Bg7 10. O-O O-O 11. Re1 f6 12. c4 Ba6 13. Qc2 Qc5 14. b3 fxe5 15. Ba3 Nb4 16. Qd2 Rab8 17. Nc3 Qd4 18. Rad1 Qxd2 19. Rxd2 Bc8 20. Red1 a5 21. Be4 d6 22. Kg2 *

[Event "GRENKE Chess Open 2024"]
[Site "Karlsruhe"]
[Date "2024.03.30"]
[Round "5.27"]
[White "Tokhirjonova, Gulrukhbegim"]
[Black "Ngo, Quang Thai"]
[Result "0-1"]
[WhiteElo "2365"]
[BlackElo "2132"]
[Annotator "ChessBase"]
[PlyCount "20"]
[EventDate "2024.03.28"]
[EventType "swiss"]
[EventCountry "GER"]
[SourceTitle "playchess.com"]
[Source "ChessBase"]
[SourceQuality "1"]

1. e4 c5 2. Nf3 e6 3. d4 cxd4 4. Nxd4 Nf6 5. Nc3 Nc6 6. Nxc6 bxc6 7. e5 Nd5 8. Ne4 Qc7 9. f4 Qb6 10. c4 Ne3 0-1

[Event "GRENKE Chess Open 2024"]
[Site "Karlsruhe"]
[Date "2024.03.30"]
[Round "5.27"]
[White "Bashylina, Luisa"]
[Black "Hommer, Jeremy"]
[Result "1-0"]
[WhiteElo "2149"]
[BlackElo "2295"]
[Annotator "RC"]
[PlyCount "67"]
[EventDate "2024.03.28"]
[EventType "swiss"]
[EventCountry "GER"]
[SourceTitle "playchess.com"]
[Source "ChessBase"]
[SourceQuality "1"]

1. d4 Nf6 2. c4 e6 3. Nc3 Bb4 4. e3 O-O 5. Bd2 c5 6. a3 Bxc3 7. Bxc3 cxd4 8. Qxd4 Nc6 9. Qh4 d5 10. Bxf6 Qxf6 11. Qxf6 gxf6 12. cxd5 exd5 13. O-O-O Ne5 14. Nf3 Bf5 15. Nd4 Rac8+ 16. Kd2 Bd7 17. b3 Ng4 18. Ke1 a5 19. Be2 Ne5 20. Kd2 a4 21. bxa4 Bxa4 22. Rb1 Nc6 23. Nf5 Rb8 24. Rhc1 Rfd8 25. Ke1 Na5 26. Rc5 b6 27. Rxd5 Bc2 28. Rxb6 Bxf5 29. Rxb8 Rxb8 30. Rxf5 Rb1+ 31. Bd1 Nc4 32. Rxf6 Nb2 33. Rd6 Ra1 34. a4 1-0

[Event "GRENKE Chess Open 2024"]
[Site "Karlsruhe"]
[Date "2024.03.30"]
[Round "5.27"]
[White "Sedy, Pavel"]
[Black "Eugene, Floryan"]
[Result "0-1"]
[WhiteElo "2145"]
[BlackElo "2422"]
[Annotator "TA"]
[PlyCount "74"]
[EventDate "2024.03.28"]
[EventType "swiss"]
[EventCountry "GER"]
[SourceTitle "playchess.com"]
[Source "ChessBase"]
[SourceQuality "1"]

1. e4 e5 2. Nf3 Nc6 3. d4 exd4 4. Nxd4 Nf6 5. Nxc6 bxc6 6. e5 Qe7 7. Qe2 Nd5 8. g3 g6 9. Bg2 Bg7 10. O-O O-O 11. Re1 f6 12. c4 Ba6 13. Qc2 Qc5 14. b3 fxe5 15. Ba3 Nb4 16. Qd2 Rab8 17. Nc3 Qd4 18. Rad1 Qxd2 19. Rxd2 Bc8 20. Red1 a5 21. Be4 d6 22. Kg2 Bf5 23. f3 Rf7 24. Na4 Bh6 25. Re2 Bxe4 26. fxe4 c5 27. Nc3 Nc6 28. Rf1 Rxf1 29. Kxf1 Nd4 30. Rf2 Be3 31. Rf6 Kg7 32. Nd5 c6 33. Rxd6 cxd5 34. Rxd5 Rf8+ 35. Kg2 Rf2+ 36. Kh3 Nf3 37. Rd7+ Kg8 0-1

[Event "GRENKE Chess Open 2024"]
[Site "Karlsruhe"]
[Date "2024.03.30"]
[Round "5.28"]
[White "Meier, Georg"]
[Black "Nurgali, Nazerke"]
[Result "1-0"]
[WhiteElo "2620"]
[BlackElo "2190"]
[Annotator "TA"]
[PlyCount "79"]
[EventDate "2024.03.28"]
[EventType "swiss"]
[EventCountry "GER"]
[SourceTitle "playchess.com"]
[Source "ChessBase"]
[SourceQuality "1"]

1. Nf3 d5 2. g3 Nf6 3. Bg2 e6 4. O-O Be7 5. c4 O-O 6. d4 c6 7. Nc3 a5 8. Re1 Bb4 9. a3 Bxc3 10. bxc3 b5 11. c5 Ne4 12. Nd2 Nxd2 13. Bxd2 a4 14. e4 Nd7 15. e5 Re8 16. Ra2 Nf8 17. h4 h6 18. Bc1 Ba6 19. Bf1 Ra7 20. Bd3 f5 21. exf6 Qxf6 22. Bf4 Rf7 23. h5 Bc8 24. Be5 Qf3 25. Rd2 Ba6 26. Re3 Qxd1+ 27. Rxd1 Bc8 28. Rde1 Rd8 29. g4 Rb7 30. f3 Nh7 31. f4 Rf8 32. Kg2 Nf6 33. Kg3 Nh7 34. Bd6 Rd8 35. f5 Ng5 36. fxe6 Bxe6 37. Rxe6 Nxe6 38. Rxe6 Rf7 39. Bf5 Rf6 40. Re7 1-0

[Event "GRENKE Chess Open 2024"]
[Site "Karlsruhe"]
[Date "2024.03.30"]
[Round "5.28"]
[White "Lewtak, Damian"]
[Black "Papp, Gabor"]
[Result "*"]
[WhiteElo "2343"]
[BlackElo "2558"]
[Annotator "RC"]
[PlyCount "44"]
[EventDate "2024.03.28"]
[EventType "swiss"]
[EventCountry "GER"]
[SourceTitle "playchess.com"]
[Source "ChessBase"]
[SourceQuality "1"]

1. Nf3 d5 2. g3 Nf6 3. Bg2 e6 4. O-O Be7 5. c4 O-O 6. d4 c6 7. Nc3 a5 8. Re1 Bb4 9. a3 Bxc3 10. bxc3 b5 11. c5 Ne4 12. Nd2 Nxd2 13. Bxd2 a4 14. e4 Nd7 15. e5 Re8 16. Ra2 Nf8 17. h4 h6 18. Bc1 Ba6 19. Bf1 Ra7 20. Bd3 f5 21. exf6 Qxf6 22. Bf4 Rf7 *

[Event "GRENKE Chess Open 2024"]
[Site "Karlsruhe"]
[Date "2024.03.30"]
[Round "5.28"]
[White "Adamovics, Aleksejs"]
[Black "Ertan, Can"]
[Result "1-0"]
[WhiteElo "2158"]
[BlackElo "2363"]
[Annotator "RC"]
[PlyCount "113"]
[EventDate "2024.03.28"]
[EventType "swiss"]
[EventCountry "GER"]
[SourceTitle "playchess.com"]
[Source "ChessBase"]
[SourceQuality "1"]

1. e4 e5 2. Nf3 Nc6 3. Bc4 Nf6 4. Ng5 d5 5. exd5 Na5 6. Bb5+ Bd7 7. Qe2 Be7 8. Nc3 Bxb5 9. Qxb5+ c6 10. dxc6 Nxc6 11. O-O O-O 12. Nf3 e4 13. Ng5 Nd4 14. Qxb7 Rb8 15. Qa6 Bd6 16. h3 Qe7 17. Ngxe4 Nxe4 18. Nxe4 Qxe4 19. Qxd6 Rb6 20. d3 Nf3+ 21. gxf3 Qf5 22. Qd4 Qxh3 23. Qg4 Rg6 24. Bg5 Qxg4+ 25. fxg4 Rxg5 26. Rfe1 Rxg4+ 27. Kf1 Rh4 28. Rad1 f5 29. Re7 f4 30. Ke2 f3+ 31. Ke3 Ra4 32. Rg1 g6 33. a3 Rb8 34. b3 Rxa3 35. Rg4 Rc8 36. Rd4 Ra6 37. Rdd7 h5 38. c4 Rb8 39. b4 Rf6 40. b5 a6 41. bxa6 Rxa6 42. c5 Rf6 43. d4 Kf8 44. Rh7 Kg8 45. Rdg7+ Kf8 46. Rh8+ Kxg7 47. Rxb8 h4 48. d5 h3 49. c6 h2 50. Rb1 Rf8 51. Rh1 Kf6 52. Kd4 Rh8 53. Kc5 Ke7 54. d6+ Ke6 55. Re1+ Kf7 56. d7 Rh5+ 57. Kd6 1-0

[Event "GRENKE Chess Open 2024"]
[Site "Karlsruhe"]
[Date "2024.03.30"]
[Round "5.28"]
[White "Farmani Anosheh, Yasha"]
[Black "Garner, Isaac"]
[Result "1/2-1/2"]
[WhiteElo "2147"]
[BlackElo "2294"]
[Annotator "RC"]
[PlyCount "73"]
[EventDate "2024.03.28"]
[EventType "swiss"]
[EventCountry "GER"]
[SourceTitle "playchess.com"]
[Source "ChessBase"]
[SourceQuality "1"]

1. Nf3 Nf6 2. c4 e6 3. g3 d5 4. Bg2 d4 5. d3 Bb4+ 6. Bd2 a5 7. O-O Nc6 8. a3 Be7 9. Bg5 O-O 10. Nbd2 e5 11. Qc2 Be6 12. Bxf6 Bxf6 13. b4 axb4 14. axb4 Nxb4 15. Rxa8 Qxa8 16. Qb2 Nc6 17. Ra1 Qc8 18. Qb5 Bd7 19. Ne4 Nd8 20. Qb2 Bc6 21. Nxf6+ gxf6 22. Qd2 Qg4 23. h3 Qg7 24. Nh4 Bxg2 25. Kxg2 Ne6 26. Ra7 b6 27. Nf5 Qg5 28. Ne7+ Kg7 29. Qxg5+ fxg5 30. Nd5 Rc8 31. Ne7 Re8 32. Nd5 Rc8 33. Ne7 Rb8 34. Nd5 c6 35. Ne7 c5 36. Nd5 b5 37. Ra6 1/2-1/2

[Event "GRENKE Chess Open 2024"]
[Site "Karlsruhe"]
[Date "2024.03.30"]
[Round "5.29"]
[White "Heberla, Bartlomiej"]
[Black "Zeller, Frank"]
[Result "*"]
[WhiteElo "2557"]
[BlackElo "2340"]
[Annotator "RC"]
[PlyCount "46"]
[EventDate "2024.03.28"]
[EventType "swiss"]
[EventCountry "GER"]
[SourceTitle "playchess.com"]
[Source "ChessBase"]
[SourceQuality "1"]

1. b3 d5 2. Bb2 Bf5 3. d3 Nf6 4. Nd2 c5 5. g3 Nc6 6. Bg2 e5 7. e4 Be6 8. exd5 Nxd5 9. Ngf3 f6 10. O-O Be7 11. Qe2 O-O 12. c3 Nc7 13. Rad1 Qd7 14. Nc4 b5 15. Ne3 Bh3 16. Qc2 Bxg2 17. Kxg2 f5 18. d4 e4 19. Ne5 Nxe5 20. dxe5 Qe6 21. c4 f4 22. gxf4 Rxf4 23. cxb5 Qh6 *

[Event "GRENKE Chess Open 2024"]
[Site "Karlsruhe"]
[Date "2024.03.30"]
[Round "5.29"]
[White "Dobrikov, Marco"]
[Black "Fuhrmann, Bahne"]
[Result "1-0"]
[WhiteElo "2362"]
[BlackElo "2133"]
[Annotator "ChessBase"]
[PlyCount "21"]
[EventDate "2024.03.28"]
[EventType "swiss"]
[EventCountry "GER"]
[SourceTitle "playchess.com"]
[Source "ChessBase"]
[SourceQuality "1"]

1. e4 e6 2. d4 d5 3. Nd2 c5 4. exd5 Qxd5 5. dxc5 Nf6 6. Ngf3 Qxc5 7. Bd3 Nbd7 8. O-O Qc7 9. c3 Be7 10. Qe2 O-O 11. Nb3 1-0